Reflections along a political journey (Record no. 399859)

000 -LEADER
fixed length control field 00377cam a22001337a 4500
008 - FIXED-LENGTH DATA ELEMENTS--GENERAL INFORMATION
fixed length control field 180718b2002 xxu||||| |||| 00| 0 eng d
020 ## - INTERNATIONAL STANDARD BOOK NUMBER
International Standard Book Number 8124108714
082 ## - DEWEY DECIMAL CLASSIFICATION NUMBER
Classification number F5 B469
100 ## - MAIN ENTRY--PERSONAL NAME
Personal name Bhatia, Prem
245 ## - TITLE STATEMENT
Title Reflections along a political journey
Statement of responsibility, etc. Prem Bhatia
260 ## - PUBLICATION, DISTRIBUTION, ETC.
Place of publication, distribution, etc. New Delhi
Name of publisher, distributor, etc. Har-Anand
Date of publication, distribution, etc. 2002
300 ## - PHYSICAL DESCRIPTION
Extent 480p.
650 ## - SUBJECT ADDED ENTRY--TOPICAL TERM
Topical term or geographic name entry element India --Politics and government --1977-
Holdings
Withdrawn status Lost status Damaged status Not for loan Permanent Location Current Location Date acquired Full call number Barcode Date last seen Price effective from Koha item type
        Indian Institute of Public Administration Indian Institute of Public Administration 2002-08-09 F5 B469 77729 2018-07-21 2018-07-21 Book

Powered by Koha